[Event "Canarias en Red prel 5th"]
[Site "Playchess.com INT"]
[Date "2004.05.07"]
[Round "4"]
[White "Jendrian, Michael"]
[Black "Mertens, Frans"]
[Result "1-0"]
[WhiteElo "2074"]
[BlackElo "2079"]
[PlyCount "57"]
[EventDate "2004.05.07"]
[EventType "swiss (blitz)"]
[EventRounds "13"]
[EventCountry "GER"]
[SourceTitle "EXT 2005"]
[Source "ChessBase"]
[SourceDate "2004.11.15"]
[SourceVersion "1"]
[SourceVersionDate "2004.11.15"]
[SourceQuality "1"]

1. f4 c6 2. Nf3 d5 3. e3 Bf5 4. d3 e6 5. g3 Nd7 6. h3 h5 7. Bg2 Ngf6 8. Nc3 Bb4 9. 0-0 0-0 10. a3 Bc5 11. Kh1 Rc8 12. Qe1 Re8 13. e4 dxe4 14. dxe4 Bg6 15. e5 Nd5 16. Nxd5 cxd5 17. c3 a5 18. b4 axb4 19. axb4 Bb6 20. Nh4 Be4 21. Bxe4 dxe4 22. Bd2 g5 23. Ng2 gxf4 24. gxf4 Rc4 25. Ne3 Bxe3 26. Qxe3 Nb6 27. Rg1+ Kh7 28. f5 Qh4 29. Qh6# 1-0

[Event "La Fere op 1st"]
[Site "La Fere"]
[Date "2002.07.02"]
[Round "4"]
[White "Mertens, Frans"]
[Black "Van der Stricht, Geert"]
[Result "0-1"]
[WhiteElo "2079"]
[BlackElo "2404"]
[PlyCount "52"]
[EventDate "2002.06.30"]
[EventType "swiss"]
[EventRounds "9"]
[EventCountry "FRA"]
[SourceTitle "CBM 089 Extra"]
[Source "ChessBase"]
[SourceDate "2002.09.10"]
[SourceVersion "2"]
[SourceVersionDate "2002.09.10"]
[SourceQuality "1"]

1. d4 Nf6 2. Nf3 g6 3. Nc3 d5 4. Bf4 Bg7 5. e3 0-0 6. Be2 c5 7. dxc5 Qa5 8. Qd2 Qxc5 9. h4 Nc6 10. Ne5 Bf5 11. g4 Nxe5 12. gxf5 Nc4 13. Bxc4 dxc4 14. fxg6 hxg6 15. 0-0-0 Rfd8 16. Qd4 Qxd4 17. exd4 Rd7 18. f3 Nh5 19. Be3 Rc8 20. Rhg1 Rc6 21. Ne2 Bf6 22. Bg5 b5 23. b4 Rdc7 24. c3 Re6 25. Kd2 Ra6 26. Ra1 Ra3 0-1

[Event "Goch op 12th"]
[Site "Goch"]
[Date "2001.10.19"]
[Round "3"]
[White "Dehn, Marcus"]
[Black "Mertens, Frans"]
[Result "1/2-1/2"]
[WhiteElo "2138"]
[BlackElo "1968"]
[PlyCount "120"]
[EventDate "2001.10.18"]
[EventType "swiss"]
[EventRounds "7"]
[EventCountry "GER"]
[SourceTitle "EXT 2004"]
[Source "ChessBase"]
[SourceDate "2003.11.25"]
[SourceVersion "1"]
[SourceVersionDate "2003.11.25"]
[SourceQuality "1"]

1. d4 d5 2. Nf3 Nf6 3. Bf4 c6 4. c3 Bf5 5. Qb3 Qb6 6. h3 h6 7. e3 Nbd7 8. Nbd2 e6 9. Be2 Be7 10. 0-0 0-0 11. Bh2 c5 12. c4 dxc4 13. Nxc4 Qxb3 14. axb3 Be4 15. Nd6 Bc6 16. Rfc1 Rfd8 17. dxc5 Nxc5 18. Rxc5 Bxd6 19. Bxd6 Rxd6 20. Nd4 Bd5 21. b4 a6 22. b5 Rb6 23. f3 e5 24. Nc2 Bb3 25. Ne1 Nd7 26. Rc7 Be6 27. b3 Nf8 28. Bc4 Bxc4 29. bxc4 Ne6 30. Rd7 Rc8 31. bxa6 bxa6 32. Nd3 Rxc4 33. Nxe5 Rc7 34. Rd2 f6 35. Nd7 Rbc6 36. Kh2 Kf7 37. Nb8 Rb6 38. Nxa6 Ra7 39. Rda2 Rb3 40. e4 Nf4 41. Nc5 Rxa2 42. Rxa2 Re3 43. Ra7+ Kg8 44. Kg3 Rc3 45. Kxf4 Rxc5 46. h4 h5 47. g3 Rb5 48. Rd7 g6 49. g4 g5+ 50. Kg3 gxh4+ 51. Kxh4 hxg4 52. Kxg4 Kf8 53. f4 Ra5 54. Rb7 Rc5 55. f5 Rc1 56. Kf4 Rc4 57. Ke3 Ra4 58. Kd3 Ke8 59. Rc7 Kf8 60. Rc4 Ra1 1/2-1/2

[Event "LiSB-ch"]
[Site "Stein"]
[Date "2000.11.26"]
[Round "3"]
[White "Bus, Tom"]
[Black "Mertens, Frans"]
[Result "1/2-1/2"]
[WhiteElo "2049"]
[BlackElo "2015"]
[PlyCount "84"]
[EventDate "2000.11.25"]
[EventType "swiss"]
[EventRounds "7"]
[EventCountry "NED"]
[SourceTitle "EXT 2013"]
[Source "ChessBase"]
[SourceDate "2012.11.22"]
[SourceVersion "1"]
[SourceVersionDate "2012.11.22"]
[SourceQuality "1"]

1. c4 e6 2. g3 d5 3. Bg2 Nf6 4. Nf3 Bd6 5. 0-0 0-0 6. Qc2 Nbd7 7. b3 c6 8. Bb2 a6 9. d3 Qe7 10. Nc3 b6 11. e4 dxe4 12. Nxe4 Nxe4 13. dxe4 e5 14. Rad1 Bc7 15. Nh4 g6 16. Kh1 Bb7 17. Qd2 Rad8 18. Qh6 f6 19. Rd2 Nb8 20. Rfd1 Rxd2 21. Rxd2 c5 22. f3 Nc6 23. Bh3 Nd4 24. Kg2 Qf7 25. Kf2 Re8 26. Qe3 Bd6 27. Qd3 Bf8 28. Rd1 Bh6 29. Ng2 Rd8 30. Ne3 Bxe3+ 31. Qxe3 Qe7 32. Rd2 Kg7 33. Bg2 Rf8 34. f4 Qe6 35. Kg1 Rf7 36. a3 Re7 37. fxe5 fxe5 38. Rf2 Rf7 39. Rxf7+ Qxf7 40. h4 Qe6 41. Kh2 Qg4 42. Qd3 Bc6 1/2-1/2

[Event "Goch op 03rd"]
[Site "Goch"]
[Date "1992.??.??"]
[Round "7"]
[White "Schroeder, Wilfried"]
[Black "Mertens, Frans"]
[Result "1-0"]
[WhiteElo "2250"]
[BlackElo "1900"]
[PlyCount "47"]
[EventDate "1992.10.??"]
[EventType "swiss"]
[EventRounds "7"]
[EventCountry "GER"]
[SourceTitle "EXT 1998"]
[Source "ChessBase"]
[SourceDate "1997.11.17"]
[SourceVersion "1"]
[SourceVersionDate "1997.11.17"]
[SourceQuality "1"]

1. d4 d5 2. Nf3 Nf6 3. c4 e6 4. g3 Be7 5. Bg2 0-0 6. 0-0 b6 7. cxd5 exd5 8. Ne5 Bb7 9. Nc3 Na6 10. Qa4 c5 11. e3 Bd6 12. Rd1 Nc7 13. Nc4 b5 14. Nxb5 Bc6 15. Ncxd6 a6 16. dxc5 axb5 17. Qc2 b4 18. b3 Ra5 19. Bb2 Ne6 20. Bd4 Nd7 21. Nf5 Re8 22. Qd2 Qb8 23. Rac1 Rd8 24. Ne7+ 1-0